000 00535nam a2200181Ia 4500
005 20250508160001.0
008 008 250505s9999 xx 000 0 eng d
037 _aBooks to be hide in OPAC
040 _aFEDL
_beng
_cFEDL
041 _aeng
_2eng
084 _a379.145 487, MYS/O
_qFEDL
245 0 _aMysore education manuals. Vol 5 Part 2
245 0 _cGovernment Of His Highness The Maharaja Of Mysore
260 _c1945
300 _a293p.
942 _cHB
_h379.145 487, MYS/O
999 _c1360714
_d1360714